000 00563nam a2200193Ia 4500
008 240729s9999 xx 000 0 und d
022 _a2291-9279
245 0 _aJMIR Serious Games
260 _aCanada
260 _bJMIR Publications
650 _a Industrial engineering. Management engineering
650 _a Information technology | Medicine
650 _a Public aspects of medicine
650 _a Technology (General)
650 _aTechnology
856 _uhttps://doaj.org/toc/05be39961f054a8eb4ae857c34c7a953
942 _2ddc
942 _cDOAJEJ
999 _c70381
_d70381
945 _a1
_bMadushi Gamage
_c1
_dMadushi Gamage